000 00616nam a2200217Ia 4500
003 GCL
008 140319s9999 xx 000 0 ara d
040 _aGCL /
_cGCL
082 0 4 _a818.03
_bش ب
100 1 _aشكرى راغب
245 1 0 _aالباب الخلفى /
_cشكرى راغب
260 _a[S.N] :
_bمطبعة الدار المصرية ،
_c1958
300 _a192 ص
490 _a
650 0 4 _aالمذكرات
650 0 4 _aالتراجم الذاتية
650 0 4 _aالفنانون
650 0 4 _aالادب العربى - مصر
650 0 4 _aالمسارح - مصر
942 _2ddc
_cBK
999 _c58761
_d58761